Movies Quiz

Random Movies or Director Quiz

Name A Movie Directed By... Quiz Stats

 Plays Quiz Updated Mar 12, 2018

Challenge
Share
Tweet
Embed
Score 0/24 Timer 06:00
7 Plays Today
Director Movie % Correct
James CameronAliens...
91.4%
Quentin TarantinoPulp Fiction...
88.9%
Christopher NolanMemento...
88%
Judd ApatowKnocked Up...
71.5%
John HughesFerris Bueller's Day Off...
64%
Darren AronofskyRequiem for a Dream...
63.9%
Sofia CoppolaThe Virgin Suicides...
63.3%
J.J. AbramsStar Trek...
57.3%
Robert RodriguezDesperado...
53.9%
Wes AndersonRushmore...
51.6%
Sam MendesAmerican Beauty...
48.5%
Mike JudgeIdiocracy...
48.1%
Director Movie % Correct
Christopher GuestBest in Show...
44.6%
Spike JonzeAdaptation...
42.6%
Paul Thomas AndersonBoogie Nights...
40.8%
Jason ReitmanThank You For Smoking...
38.6%
Terrence MalickBadlands...
37.7%
Bob FosseAll That Jazz...
29%
John SingletonBoyz n the Hood...
27.7%
Peter WeirThe Truman Show...
25.1%
Alexander PayneSideways...
24%
Catherine HardwickeThirteen...
22%
Marc ForsterMonster's Ball...
14.4%
Fernando MeirellesCity of God...
12.2%

You're not logged in!

Compare scores with friends on all Sporcle quizzes.
Join for Free
OR
Log In

You Might Also Like...

Show Comments

Extras

Top Quizzes Today


Score Distribution

Your Account Isn't Verified!

In order to create a playlist on Sporcle, you need to verify the email address you used during registration. Go to your Sporcle Settings to finish the process.

Report this User

Report this user for behavior that violates our Community Guidelines.

Details: